[Event "C.to Provinciale BG"]
[Site "Bergamo ITA"]
[Date "2002.11.22"]
[Round "7"]
[White "Nasoni, Paolo"]
[Black "Canova, Luca"]
[Result "0-1"]
[WhiteElo "1741"]
[BlackElo "1785"]
[PlyCount "142"]
[EventDate "2002.10.04"]

1. e4 e5 2. Nf3 Nc6 3. Bc4 Bc5 4. c3 Nf6 5. d4 exd4 6. O-O Nxe4 7. cxd4 d5 8.
dxc5 dxc4 9. Qxd8+ Kxd8 10. Rd1+ Bd7 11. Bg5+ f6 12. Be3 Ke7 13. Na3 Rhd8 14.
Bf4 Be6 15. Bxc7 Rxd1+ 16. Rxd1 Rc8 17. Nb5 a6 18. Bd6+ Kf7 19. Nc3 Nxd6 20.
cxd6 Bg4 21. Nd5 Bxf3 22. gxf3 Rd8 23. Nb6 g5 24. Nxc4 Ne5 25. Rc1 Nxf3+ 26.
Kg2 Nh4+ 27. Kf1 b5 28. Ne3 Rxd6 29. Rc7+ Kg6 30. Ke2 Re6 31. Kd1 Nf3 32. Rc8
Nxh2 33. Rg8+ Kf7 34. Rd8 Nf3 35. Ke2 Ne5 36. Rc8 Ng4 37. Kf3 Nxe3 38. fxe3 h5
39. b3 Rd6 40. Ra8 Kg6 41. Rg8+ Kf5 42. e4+ Ke5 43. Ke3 h4 44. Re8+ Re6 45. Rd8
Rc6 46. Rd5+ Ke6 47. Rd2 Rc3+ 48. Kd4 Rc1 49. Rh2 Rd1+ 50. Ke3 Ke5 51. Kf3 Rd3+
52. Kg4 Rg3+ 53. Kh5 Kxe4 54. Kg6 Rf3 55. Kh5 Kf4 56. Rc2 h3 57. Rc1 h2 58. a4
Rh3+ 59. Kg6 h1=Q 60. Rxh1 Rxh1 61. Kxf6 bxa4 62. bxa4 Ra1 63. a5 Rxa5 64. Ke6
Re5+ 65. Kd6 g4 66. Kc6 g3 67. Kb6 g2 68. Kxa6 g1=Q 69. Kb7 Qg6 70. Kb8 Qf7 71.
Kc8 Re8# 0-1

[Event "C.to Provinciale BG"]
[Site "Bergamo ITA"]
[Date "2002.11.22"]
[Round "7"]
[White "Riggio, Mauro"]
[Black "Testa, Luigi"]
[Result "1-0"]
[WhiteElo "1717"]
[BlackElo "1500"]
[PlyCount "69"]
[EventDate "2002.10.04"]

1. e4 e5 2. Nf3 Nf6 3. Nc3 d6 4. d4 exd4 5. Nxd4 Be7 6. Bc4 O-O 7. Nf5 Bxf5 8.
exf5 c6 9. O-O d5 10. Bd3 Nbd7 11. Re1 Re8 12. a3 Qc7 13. Bg5 Bd6 14. h3 Re5
15. Qd2 Rae8 16. Red1 Qb6 17. Bf4 Re1+ 18. Rxe1 Rxe1+ 19. Rxe1 Bxf4 20. Qxf4
Qxb2 21. Qb4 Qxb4 22. axb4 Kf8 23. f3 h6 24. Kf2 Ne8 25. b5 Nc5 26. bxc6 bxc6
27. Ra1 Nd6 28. g4 d4 29. Ne4 Nxd3+ 30. cxd3 Nb5 31. Ra6 Ke7 32. Rxc6 Kd7 33.
f6 g6 34. Rc5 a6 35. f4 1-0

[Event "C.to Provinciale BG"]
[Site "Bergamo ITA"]
[Date "2002.11.22"]
[Round "7"]
[White "Rota, Simone"]
[Black "Elitropi, Giorgio"]
[Result "0-1"]
[WhiteElo "1737"]
[BlackElo "1671"]
[PlyCount "52"]
[EventDate "2002.10.04"]

1. d4 Nf6 2. c4 e5 3. d5 Bc5 4. Nc3 O-O 5. Bg5 Bxf2+ 6. Kd2 h6 7. Nh3 Bd4 8.
Bxf6 Qxf6 9. Ne4 Qb6 10. Rb1 Qb4+ 11. Kd3 f5 12. Nd2 Na6 13. Nb3 Nc5+ 14. Nxc5
Qxc5 15. Qb3 c6 16. Kd2 f4 17. g3 Be3+ 18. Ke1 d6 19. gxf4 Bf5 20. Rd1 Be4 21.
fxe5 Qa5+ 22. Qc3 Qxc3+ 23. bxc3 Bxh1 24. dxc6 Bxc6 25. Rd3 Bc5 26. exd6 Rad8
0-1

[Event "C.to Provinciale BG"]
[Site "Bergamo ITA"]
[Date "2002.11.22"]
[Round "7"]
[White "Scarpellini, Felice"]
[Black "Mora, Paolo"]
[Result "0-1"]
[WhiteElo "1660"]
[BlackElo "2056"]
[PlyCount "91"]
[EventDate "2002.10.04"]

1. c4 e5 2. Nc3 Nc6 3. g3 g6 4. Bg2 Bg7 5. Nf3 d6 6. d3 h6 7. Rb1 Be6 8. b4 Qd7
9. Nd5 Nd8 10. b5 c6 11. Nc3 f5 12. e4 Ne7 13. O-O O-O 14. a4 d5 15. cxd5 cxd5
16. Nxd5 Nxd5 17. exd5 Bxd5 18. Bb2 Re8 19. Re1 Nf7 20. Qd2 Kh7 21. Rbc1 b6 22.
Rc6 Bxc6 23. bxc6 Qc7 24. Qc3 Rad8 25. Nd2 Bh8 26. Nb3 e4 27. d4 Rd6 28. Rc1
Nd8 29. Qd2 Rxc6 30. Rxc6 Nxc6 31. Bf1 Rd8 32. Bb5 Ne5 33. Qb4 Nf3+ 34. Kg2 a5
35. Qa3 Nxd4 36. Nxd4 Bxd4 37. Bxd4 Rxd4 38. Qf8 Qg7 39. Qb8 Qf6 40. Qc7+ Kh8
41. Qc8+ Rd8 42. Qc7 Qg5 43. h3 h5 44. g4 hxg4 45. hxg4 f4 46. Bc6 {...} 0-1

[Event "C.to Provinciale BG"]
[Site "Bergamo ITA"]
[Date "2002.11.22"]
[Round "7"]
[White "Spreafico, Fabrizio"]
[Black "Tentori, Giulio"]
[Result "1-0"]
[WhiteElo "1744"]
[BlackElo "1570"]
[PlyCount "39"]
[EventDate "2002.10.04"]

1. d4 Nf6 2. Bg5 c5 3. Bxf6 gxf6 4. d5 Bg7 5. c3 Qb6 6. Qd2 f5 7. Na3 d6 8. g3
Nd7 9. Nf3 Nf6 10. e3 O-O 11. Qc2 e5 12. Rd1 Bd7 13. Nh4 f4 14. Nc4 Qc7 15. Nf5
Bxf5 16. Qxf5 b5 17. Nd2 fxe3 18. fxe3 Nxd5 19. Bd3 e4 20. Nxe4 1-0

[Event "C.to Provinciale BG"]
[Site "Bergamo ITA"]
[Date "2002.11.29"]
[Round "8"]
[White "Asperti, Fabio"]
[Black "Impellizzeri, Francesco"]
[Result "1/2-1/2"]
[WhiteElo "1582"]
[BlackElo "1501"]
[PlyCount "63"]
[EventDate "2002.10.04"]

1. c4 e5 2. e4 Nf6 3. Nc3 Bc5 4. h3 Nc6 5. Nge2 d6 6. d3 h6 7. g3 O-O 8. Bg2
Be6 9. O-O a6 10. Kh2 Rb8 11. f4 Nd4 12. fxe5 dxe5 13. Nd5 Bxd5 14. cxd5 c6 15.
Nc3 Ne8 16. Qg4 Nf6 17. Qh4 Be7 18. Bxh6 gxh6 19. Qxh6 Nh7 20. Rf2 Bf6 21. Raf1
Bg7 22. Qh5 Qg5 23. Qd1 Nf6 24. h4 Ng4+ 25. Kg1 Nxf2 26. Rxf2 Qxg3 27. Ne2
Nxe2+ 28. Qxe2 Bh6 29. Rf3 Qg4 30. Kf1 Bf4 31. Bh3 Qh5 32. Rg3+ 1/2-1/2

[Event "C.to Provinciale BG"]
[Site "Bergamo ITA"]
[Date "2002.11.29"]
[Round "8"]
[White "Elitropi, Giorgio"]
[Black "Spreafico, Fabrizio"]
[Result "1/2-1/2"]
[WhiteElo "1671"]
[BlackElo "1744"]
[PlyCount "63"]
[EventDate "2002.10.04"]

1. f4 b6 2. Nf3 Bb7 3. e3 g6 4. Be2 Bg7 5. O-O d6 6. d4 Nf6 7. c4 O-O 8. Nc3
Nbd7 9. Qe1 e6 10. Bd2 h6 11. Rd1 Ne4 12. Nxe4 Bxe4 13. Bc3 Nf6 14. Nd2 Bb7 15.
Bd3 d5 16. b3 a5 17. a4 Qd6 18. Nf3 dxc4 19. Bxc4 Nd5 20. Bb2 Qb4 21. Bxd5 Qxe1
22. Rfxe1 Bxd5 23. Nd2 c5 24. e4 Bb7 25. Nc4 Rab8 26. e5 Bd5 27. Rd3 Rfc8 28.
Nd6 Rd8 29. Rc1 cxd4 30. Bxd4 Bf8 31. Nb5 Bb4 32. Be3 1/2-1/2

[Event "C.to Provinciale BG"]
[Site "Bergamo ITA"]
[Date "2002.11.29"]
[Round "8"]
[White "Gozzini, Giambattista"]
[Black "Cammarota, Vittorio"]
[Result "0-1"]
[WhiteElo "1609"]
[BlackElo "1687"]
[PlyCount "60"]
[EventDate "2002.10.04"]

1. e4 c5 2. Nf3 Nc6 3. d4 cxd4 4. Nxd4 Qb6 5. Nb3 Nf6 6. Nc3 e6 7. Be3 Qc7 8.
Be2 Bb4 9. f3 d5 10. exd5 Bxc3+ 11. bxc3 Nxd5 12. Bd4 e5 13. Bc5 Nxc3 14. Qd3
Nxe2 15. Kxe2 Be6 16. Bd6 Qd7 17. Nc5 Nd4+ 18. Qxd4 exd4 19. Nxd7 Kxd7 20. Be5
Rac8 21. Rhc1 Rc4 22. c3 dxc3 23. Rxc3 f6 24. Rd1+ Ke7 25. Bd6+ Kf7 26. Rdc1
Rhc8 27. Rxc4 Rxc4 28. Rb1 b6 29. Kd3 Rc6 30. Bb8 Bf5+ 0-1

[Event "C.to Provinciale BG"]
[Site "Bergamo ITA"]
[Date "2002.11.29"]
[Round "8"]
[White "Gualdi, Paolo"]
[Black "Mora, Aldo"]
[Result "1-0"]
[WhiteElo "1413"]
[BlackElo "1398"]
[PlyCount "23"]
[EventDate "2002.10.04"]

1. e4 e5 2. Nf3 Nc6 3. Bc4 h6 4. O-O Bc5 5. b4 Bxb4 6. c3 Be7 7. d4 exd4 8.
cxd4 a6 9. Qb3 Kf8 10. Bxf7 d6 11. Bg6 b6 12. Qf7# 1-0

[Event "C.to Provinciale BG"]
[Site "Bergamo ITA"]
[Date "2002.11.29"]
[Round "8"]
[White "Mangili, Riccardo"]
[Black "Fiorona, Gianpietro"]
[Result "1-0"]
[WhiteElo "1536"]
[BlackElo "1585"]
[PlyCount "73"]
[EventDate "2002.10.04"]

1. e4 d5 2. e5 c5 3. Nf3 Nc6 4. c3 Qa5 5. h3 Bf5 6. Qb3 O-O-O 7. Qa3 Qb6 8. Be2
h6 9. O-O g5 10. d4 e6 11. Qb3 Qc7 12. Qa4 Kb8 13. Be3 c4 14. Nbd2 g4 15. Nh4
gxh3 16. Nxf5 hxg2 17. Kxg2 exf5 18. b3 f6 19. bxc4 fxe5 20. dxe5 Qxe5 21. cxd5
Bd6 22. Qh4 Qe7 23. Qxe7 Ncxe7 24. Bd4 Rh7 25. c4 Ng6 26. Bd1 Ne5 27. c5 Nd3
28. cxd6 Nf4+ 29. Kh2 Nxd5 30. Bb3 Ngf6 31. Bxd5 Nxd5 32. Nf3 Rg8 33. Rg1 Rg4
34. Rxg4 fxg4 35. Ne5 Kc8 36. Rc1+ Kd8 37. d7 1-0

[Event "C.to Provinciale BG"]
[Site "Bergamo ITA"]
[Date "2002.11.29"]
[Round "8"]
[White "Molteni, Costantino"]
[Black "Testa, Luigi"]
[Result "1/2-1/2"]
[WhiteElo "1603"]
[BlackElo "1500"]
[PlyCount "88"]
[EventDate "2002.10.04"]

1. d4 d5 2. Nf3 Nf6 3. c4 e6 4. g3 Be7 5. Bg2 O-O 6. O-O c6 7. b3 Nbd7 8. Bb2
b6 9. Nbd2 Bb7 10. Qc2 Re8 11. e4 dxe4 12. Nxe4 Nxe4 13. Qxe4 Nf6 14. Qc2 b5
15. Ne5 Rc8 16. Rfe1 Nd7 17. Rad1 Nxe5 18. dxe5 Qb6 19. Rd7 Rc7 20. Red1 c5 21.
cxb5 Bxg2 22. Rxc7 Qxc7 23. Kxg2 Qb7+ 24. f3 Qxb5 25. Qd3 Qb6 26. Qc4 Qa5 27.
a4 Rd8 28. Qc2 Rxd1 29. Qxd1 Qb4 30. Qc2 h6 31. Qc3 a5 32. Qxb4 cxb4 33. Bd4
Bd8 34. Kf2 Kf8 35. Ke2 Ke8 36. Kd3 Kd7 37. Kc4 Kc6 38. Bc5 g6 39. g4 h5 40. h3
Bb6 41. Bxb6 Kxb6 42. f4 Kc6 43. Kd4 h4 44. Kc4 Kb6 1/2-1/2

[Event "C.to Provinciale BG"]
[Site "Bergamo ITA"]
[Date "2002.11.29"]
[Round "8"]
[White "Mora, Lorenzo"]
[Black "Bassis, Ivano"]
[Result "1/2-1/2"]
[WhiteElo "1636"]
[BlackElo "1768"]
[PlyCount "26"]
[EventDate "2002.10.04"]

1. e4 d5 2. exd5 Qxd5 3. Nc3 Qa5 4. d4 Nf6 5. Nf3 c6 6. Bd3 Bf5 7. O-O e6 8.
Re1 Bb4 9. Bxf5 Qxf5 10. Re5 Qg6 11. Rg5 Qh6 12. Re5 Qg6 13. Rg5 Qh6 1/2-1/2

[Event "C.to Provinciale BG"]
[Site "Bergamo ITA"]
[Date "2002.11.29"]
[Round "8"]
[White "Mora, Paolo"]
[Black "Canova, Luca"]
[Result "1/2-1/2"]
[WhiteElo "2056"]
[BlackElo "1785"]
[PlyCount "41"]
[EventDate "2002.10.04"]

1. e4 e5 2. Nf3 Nc6 3. Nc3 Nf6 4. Bb5 Nd4 5. O-O Nxb5 6. Nxb5 c6 7. Nc3 Qc7 8.
d4 d6 9. Bg5 Be7 10. h3 h6 11. Bh4 Be6 12. Bg3 Nd7 13. Qe2 g5 14. d5 cxd5 15.
exd5 Bf5 16. Nb5 Qd8 17. Rad1 O-O 18. c4 a6 19. Nc3 Bf6 20. Nd2 Bg7 21. b4
1/2-1/2

[Event "C.to Provinciale BG"]
[Site "Bergamo ITA"]
[Date "2002.11.29"]
[Round "8"]
[White "Riggio, Mauro"]
[Black "Nasoni, Paolo"]
[Result "1-0"]
[WhiteElo "1717"]
[BlackElo "1741"]
[PlyCount "59"]
[EventDate "2002.10.04"]

1. e4 e5 2. Nf3 Nc6 3. Bb5 Nf6 4. d3 d6 5. O-O Be7 6. h3 O-O 7. Nc3 a6 8. Ba4
b5 9. Bb3 Na5 10. Bd2 Nxb3 11. axb3 Bb7 12. Ne2 Qd7 13. Ng3 Ne8 14. Nf5 Bf6 15.
Nh2 c5 16. Qg4 Kh8 17. Qg3 d5 18. f4 exf4 19. Qxf4 dxe4 20. Ng4 Bxb2 21. Ra2
Bd4+ 22. Nxd4 Qxd4+ 23. Be3 Qd5 24. c4 bxc4 25. dxc4 Qc6 26. Ne5 Qf6 27. Bxc5
Qxf4 28. Rxf4 Nc7 29. Bxf8 Rxf8 30. Rxf7 1-0

[Event "C.to Provinciale BG"]
[Site "Bergamo ITA"]
[Date "2002.11.29"]
[Round "8"]
[White "Sala, Giovanni"]
[Black "Biava, Pierluigi"]
[Result "1/2-1/2"]
[WhiteElo "1600"]
[BlackElo "1606"]
[PlyCount "42"]
[EventDate "2002.10.04"]

1. e4 d6 2. Nf3 Nf6 3. Nc3 h6 4. d4 c6 5. Be2 Bg4 6. O-O Nbd7 7. Be3 b5 8. Nd2
Bxe2 9. Qxe2 e5 10. d5 b4 11. dxc6 bxc3 12. cxd7+ Qxd7 13. bxc3 Ng4 14. Rfd1
Nxe3 15. Qxe3 Be7 16. Rab1 O-O 17. Qd3 Qe6 18. Qa6 Rfc8 19. Rb3 Bd8 20. Nb1 Bb6
21. Na3 Rc6 1/2-1/2

[Event "C.to Provinciale BG"]
[Site "Bergamo ITA"]
[Date "2002.11.29"]
[Round "8"]
[White "Savoldelli, Dario"]
[Black "D'Angheo, Savino"]
[Result "1-0"]
[WhiteElo "1800"]
[BlackElo "1500"]
[PlyCount "78"]
[EventDate "2002.10.04"]

1. d4 d5 2. c4 Nf6 3. Nc3 e6 4. Nf3 c5 5. cxd5 Nxd5 6. g3 Nc6 7. Bg2 Nxc3 8.
bxc3 cxd4 9. cxd4 Bb4+ 10. Bd2 O-O 11. O-O Rb8 12. Bf4 Bd6 13. Qd2 Qc7 14. Rfc1
Bxf4 15. gxf4 Rd8 16. Rab1 Qa5 17. Qd3 h6 18. Rxc6 bxc6 19. Rxb8 Qxa2 20. Ne5
c5 21. e3 cxd4 22. exd4 f6 23. Nc6 Re8 24. Rxc8 Rxc8 25. Ne7+ Kf7 26. Nxc8 a5
27. Nd6+ Ke7 28. Nc4 Qa1+ 29. Bf1 a4 30. Qa3+ Qxa3 31. Nxa3 Kd6 32. Bb5 Kd5 33.
Bxa4 Kxd4 34. Bb5 Kc5 35. Be8 Kd4 36. Nc2+ Kd3 37. Ne1+ Ke2 38. Ng2 g5 39. fxg5
39... hxg5 {...} 1-0

[Event "C.to Provinciale BG"]
[Site "Bergamo ITA"]
[Date "2002.11.29"]
[Round "8"]
[White "Scarpellini, Felice"]
[Black "Elsido, Massimo"]
[Result "1-0"]
[WhiteElo "1660"]
[BlackElo "1585"]
[PlyCount "91"]
[EventDate "2002.10.04"]

1. c4 c5 2. Nc3 b6 3. Nf3 Nc6 4. g3 Bb7 5. Bg2 Nd4 6. O-O e6 7. Nxd4 Bxg2 8.
Nxe6 fxe6 9. Kxg2 Nf6 10. e4 Qc7 11. Qf3 Qc6 12. d3 Bd6 13. Re1 O-O 14. e5
Qxf3+ 15. Kxf3 Nd5+ 16. Kg2 Nb4 17. exd6 Nc2 18. Be3 Nxa1 19. Rxa1 Rf7 20. Ne4
Raf8 21. a3 Rf5 22. b4 Rc8 23. bxc5 bxc5 24. Rb1 h6 25. Rb7 a6 26. Rxd7 Rf7 27.
Rxf7 Kxf7 28. Bxc5 Ke8 29. Bb6 Kd7 30. Bc7 Rf8 31. Nc5+ Kc8 32. Nxe6 Re8 33.
Nxg7 Re2 34. c5 Kd7 35. a4 Rd2 36. a5 Rxd3 37. Nf5 Rd5 38. Nxh6 Rxc5 39. h4
Rxc7 40. dxc7 Kxc7 41. g4 Kc6 42. g5 Kb5 43. g6 Kxa5 44. g7 Ka4 45. g8=Q a5 46.
Qa2+ 1-0

[Event "III Festival B"]
[Site "San Martino di Castrozza - Siror ITA"]
[Date "2002.07.02"]
[Round "2"]
[White "Moro, Roberto"]
[Black "Mei, Gianluca"]
[Result "1-0"]
[WhiteElo "1477"]
[BlackElo "1597"]
[PlyCount "49"]
[EventDate "2002.07.01"]

1. e4 e5 2. f4 d5 3. exd5 e4 4. d3 Nf6 5. Nc3 Bf5 6. Be3 Bb4 7. dxe4 Nxe4 8.
Qd4 Qh4+ 9. g3 Nxg3 10. Nf3 Qe7 11. hxg3 Nd7 12. Ne5 Bc5 13. Qd2 Nxe5 14. fxe5
Qxe5 15. Kf2 Bd6 16. Rg1 Qf6 17. Bg5 Qg6 18. Re1+ Kd7 19. Bb5+ Kc8 20. Qe3 f6
21. Bf4 Bb4 22. g4 Bxc2 23. d6 cxd6 24. Qe6+ Kc7 25. Nd5+ 1-0

[Event "III Festival B"]
[Site "San Martino di Castrozza - Siror ITA"]
[Date "2002.07.03"]
[Round "3"]
[White "Delle Fave, Fabio"]
[Black "Mei, Gianluca"]
[Result "1/2-1/2"]
[WhiteElo "1620"]
[BlackElo "1597"]
[PlyCount "90"]
[EventDate "2002.07.01"]

1. Nf3 Nf6 2. g3 b6 3. Bg2 Bb7 4. c4 e6 5. Nc3 Bb4 6. Qc2 O-O 7. O-O Bxc3 8.
Qxc3 c5 9. d4 Ne4 10. Qc2 f5 11. dxc5 bxc5 12. Ng5 Nd6 13. Bxb7 Nxb7 14. Qb3
Qb6 15. Qd3 Nd8 16. b3 Nf7 17. Rd1 Nc6 18. Nxf7 Rxf7 19. Bb2 a5 20. Ba3 Nb4 21.
Qd2 Rd8 22. Bxb4 axb4 23. a4 bxa3 24. Rxa3 d5 25. Qa5 Rb7 26. cxd5 exd5 27. Rc1
Qxa5 28. Rxa5 Rxb3 29. Rcxc5 Rb1+ 30. Kg2 Rd1 31. Ra7 Re8 32. Kf3 g5 33. e3 f4
34. gxf4 gxf4 35. Kxf4 Rf8+ 36. Kg3 Rg1+ 37. Kh3 Rf3+ 38. Kh4 Rg2 39. Rc8+ Rf8
40. Rxf8+ Kxf8 41. Rd7 Rxf2 42. Rxd5 Rxh2+ 43. Kg3 Rh6 44. e4 Ke7 45. Kg4 Rg6+
1/2-1/2

[Event "III Festival B"]
[Site "San Martino di Castrozza - Siror ITA"]
[Date "2002.07.05"]
[Round "5"]
[White "Soravia, Giuseppe"]
[Black "Mei, Gianluca"]
[Result "0-1"]
[WhiteElo "1570"]
[BlackElo "1597"]
[PlyCount "108"]
[EventDate "2002.07.01"]

1. e4 e5 2. Nf3 Nc6 3. Bc4 Bc5 4. a3 Nf6 5. d3 d6 6. h3 Be6 7. Bb5 a6 8. Bxc6+
bxc6 9. Nc3 O-O 10. O-O Re8 11. Bg5 h6 12. Bd2 Bd7 13. Re1 Nh5 14. Be3 Bxe3 15.
Rxe3 Nf4 16. Ne2 Re6 17. Nxf4 exf4 18. Re1 Rg6 19. Kh2 c5 20. Ng1 Bc6 21. Qf3
f5 22. Qxf4 fxe4 23. dxe4 Qd7 24. f3 Rf8 25. Qe3 Qe7 26. Rad1 Qe5+ 27. Kh1 Qxb2
28. Qd3 Qb5 29. c4 Qb2 30. Rd2 Qf6 31. Qe3 Re8 32. Qf2 Re5 33. h4 Rh5 34. g3
Re5 35. Nh3 Qf8 36. Kg2 Rf6 37. Nf4 g5 38. Nd5 Bxd5 39. Rxd5 gxh4 40. gxh4 Re7
41. Rd3 Ref7 42. Ree3 Qg7+ 43. Kh2 Rg6 44. Re1 Rf4 45. e5 Qe7 46. Kh3 Qe6+ 47.
Kh2 Qxc4 48. Kh3 Qxd3 49. Re3 Qf5+ 50. Kh2 dxe5 51. Qa2+ Kh7 52. Qf2 e4 53. Qe1
Rxf3 54. Re2 Qh3# 0-1

[Event "III Festival B"]
[Site "San Martino di Castrozza - Siror ITA"]
[Date "2002.07.06"]
[Round "6"]
[White "Mei, Gianluca"]
[Black "Pede, Lucio"]
[Result "1-0"]
[WhiteElo "1597"]
[BlackElo "1645"]
[PlyCount "105"]
[EventDate "2002.07.01"]

1. e4 e5 2. Nf3 Nc6 3. Bc4 Be7 4. d4 d6 5. Be3 Bg4 6. c3 Bxf3 7. Qxf3 Nf6 8.
Qg3 g6 9. Nd2 Qd7 10. Bb5 Nh5 11. Qf3 a6 12. Ba4 Nf6 13. d5 b5 14. dxc6 Qxc6
15. Bb3 Qd7 16. Bg5 Qd8 17. Bxf6 Bxf6 18. Bd5 Ra7 19. Bc6+ Ke7 20. O-O Qb8 21.
Qe3 h6 22. Nf3 a5 23. Qd3 b4 24. Qb5 Qxb5 25. Bxb5 Rb7 26. Ba4 bxc3 27. bxc3
Rhb8 28. Bc2 Ke6 29. Bb3+ Ke7 30. Rfb1 d5 31. Bc2 Rxb1+ 32. Rxb1 Rxb1+ 33. Bxb1
Kd6 34. Kf1 Kc5 35. Ke2 dxe4 36. Bxe4 Kb5 37. Kd3 Bg7 38. g4 g5 39. Ne1 Bf8 40.
Nc2 Bc5 41. a4+ Kb6 42. f3 f6 43. Kc4 c6 44. Na1 Bg1 45. h3 Bc5 46. Nb3 Be3 47.
Bg6 Bf2 48. Kd3 Be1 49. c4 Bb4 50. Ke4 Bc3 51. Kf5 Kc7 52. Ke6 Bb2 53. Be4 1-0

[Event "III Festival B"]
[Site "San Martino di Castrozza - Siror ITA"]
[Date "2002.07.07"]
[Round "7"]
[White "Tomio, Dante"]
[Black "Mei, Gianluca"]
[Result "1-0"]
[WhiteElo "1695"]
[BlackElo "1597"]
[PlyCount "107"]
[EventDate "2002.07.01"]

1. d4 d5 2. Nf3 Nf6 3. Bg5 e6 4. e3 Be7 5. Bd3 h6 6. Bf4 Nbd7 7. Nbd2 c5 8. c3
c4 9. Bc2 b5 10. O-O Bb7 11. a3 Ne4 12. Ne5 Ndf6 13. f3 Nxd2 14. Qxd2 O-O 15.
g4 g5 16. Bg3 Kg7 17. Rf2 Nd7 18. f4 Nxe5 19. fxe5 Bc6 20. Raf1 Be8 21. Bb1 Qc7
22. Qc2 Rh8 23. e4 dxe4 24. Qxe4 Rb8 25. d5 Bc5 26. d6 Qb7 27. Qxb7 Rxb7 28.
Be4 Rb8 29. Kg2 Bxf2 30. Bxf2 Bd7 31. Bxa7 Rbc8 32. Bb7 Bc6+ 33. Bxc6 Rxc6 34.
Rd1 Rd8 35. Kf3 Rd7 36. Be3 Rc8 37. Ke4 Kg6 38. Rf1 Rh8 39. Rf2 Kg7 40. Bb6 Rf8
41. Kd4 Rc8 42. Ke4 Rc6 43. Bd4 Rc8 44. Rf1 Rh8 45. Be3 Rf8 46. Rf6 Rc8 47. Rf1
Rf8 48. Bb6 Rc8 49. Bc7 Ra8 50. Kd4 Rf8 51. Kc5 f6 52. exf6+ Rxf6 53. Rxf6 Kxf6
54. Kc6 1-0

[Event "VIII Torneo Leonardo di Bona B"]
[Site "Cutro ITA"]
[Date "2002.04.24"]
[Round "1"]
[White "Anastasio, Giovanni"]
[Black "Sautto, Alessandra"]
[Result "0-1"]
[WhiteElo "1507"]
[BlackElo "1686"]
[PlyCount "112"]
[EventDate "2002.04.24"]

1. d4 d5 2. e3 e6 3. a3 c5 4. dxc5 Bxc5 5. c3 Nf6 6. Nf3 Nc6 7. Bb5 Bd7 8. O-O
O-O 9. b4 Be7 10. Bb2 a6 11. Be2 b5 12. Nbd2 Qb6 13. Qc2 Rac8 14. Qb1 Ne8 15.
Bd3 f5 16. Nd4 Nd6 17. Nxc6 Bxc6 18. Qd1 Nc4 19. Nxc4 dxc4 20. Bc2 Rf6 21. Qe2
Qb7 22. f3 Bd6 23. Rad1 Qc7 24. f4 Rd8 25. Bc1 Qb7 26. Rd4 Bxg2 27. Rf2 Bh3 28.
e4 Rg6+ 29. Kh1 Be7 30. Qe3 Rxd4 31. cxd4 Bh4 32. Re2 Bg4 33. Rd2 Qc6 34. d5
exd5 35. Rxd5 Qb6 36. Rc5 Be7 37. exf5 Bxc5 38. bxc5 Qb7+ 39. Be4 Rc6 40. Bd5+
Kf8 41. Qe4 Qd7 42. Be3 Bxf5 43. Qe5 Rf6 44. Qb8+ Qe8 45. Qxe8+ Kxe8 46. Bd4
Rg6 47. c6 Rd6 48. Bxg7 Rxd5 49. c7 Rc5 50. Bc3 Rxc7 51. Kg2 Rd7 52. Kf2 Rd3
53. Bb4 Kd7 54. Ke2 c3 55. a4 bxa4 56. Bxc3 Rxc3 0-1

[Event "VIII Torneo Leonardo di Bona B"]
[Site "Cutro ITA"]
[Date "2002.04.24"]
[Round "1"]
[White "Baffa, Pietro"]
[Black "Virelli, Salvatore"]
[Result "1-0"]
[WhiteElo "1636"]
[BlackElo "1368"]
[PlyCount "77"]
[EventDate "2002.04.24"]

1. d4 Nf6 2. c4 g6 3. Nc3 d5 4. e3 Bg7 5. h3 O-O 6. Nf3 c6 7. Bd3 b6 8. O-O Ba6
9. b3 c5 10. Rb1 Nc6 11. Nxd5 Nxd5 12. cxd5 Bxd3 13. Qxd3 Qxd5 14. e4 Nb4 15.
Qe2 Qd7 16. d5 a5 17. a3 Na6 18. Bf4 Nc7 19. Bxc7 Qxc7 20. Rfd1 Rfd8 21. Qc4
Rd7 22. Rdc1 Bh6 23. Rc2 Bg7 24. b4 axb4 25. axb4 Ra4 26. Qb5 Qa7 27. bxc5 bxc5
28. Qb8+ Qxb8 29. Rxb8+ Bf8 30. Rxc5 e6 31. Rcc8 Kg7 32. Rxf8 exd5 33. Ne5 Re7
34. Ng4 f6 35. Rg8+ Kf7 36. Rbf8+ Ke6 37. Rxf6+ Kd7 38. exd5 Re1+ 39. Kh2 1-0

[Event "VIII Torneo Leonardo di Bona B"]
[Site "Cutro ITA"]
[Date "2002.04.24"]
[Round "1"]
[White "Conforti, Raffaello"]
[Black "Procopio, Giuseppe"]
[Result "1-0"]
[WhiteElo "1651"]
[BlackElo "1432"]
[PlyCount "53"]
[EventDate "2002.04.24"]

1. d4 d5 2. c4 e6 3. Nf3 Nf6 4. Bg5 Be7 5. e3 c6 6. Bd3 Nbd7 7. O-O O-O 8. Nbd2
Ne8 9. Bf4 Bd6 10. Bxd6 Nxd6 11. Qc2 h6 12. Rfe1 f5 13. Rac1 Nf7 14. Nf1 Ng5
15. N1d2 Ne4 16. Be2 Ndf6 17. Ne5 Qe8 18. Nxe4 Nxe4 19. cxd5 exd5 20. Bd3 Qe6
21. f3 Nd6 22. b3 Bd7 23. e4 fxe4 24. fxe4 dxe4 25. Rxe4 Nxe4 26. Bc4 Ng5 27.
Nxd7 1-0

[Event "VIII Torneo Leonardo di Bona B"]
[Site "Cutro ITA"]
[Date "2002.04.24"]
[Round "1"]
[White "Fittante, Giuliana"]
[Black "Liperoti, Mimmo"]
[Result "1-0"]
[WhiteElo "1815"]
[BlackElo "1600"]
[PlyCount "67"]
[EventDate "2002.04.24"]

1. d4 d5 2. Nf3 e6 3. Bg5 Be7 4. Bxe7 Qxe7 5. c3 b6 6. e3 f5 7. Nbd2 Nf6 8. Bd3
O-O 9. Qe2 a5 10. Ne5 c5 11. O-O c4 12. Bc2 Nbd7 13. Qf3 Nxe5 14. dxe5 Nd7 15.
Qg3 a4 16. f4 Nc5 17. Nf3 Ba6 18. a3 Nd3 19. Bxd3 cxd3 20. Rfd1 Bc4 21. Nd4
Rac8 22. Rd2 Kf7 23. Qh3 Rh8 24. Nxf5 Qd7 25. Nd6+ Ke7 26. Qh4+ Kf8 27. Nxc8
Qxc8 28. Rf1 Ke8 29. Qg4 g6 30. Rf3 Kd7 31. Rh3 Qf8 32. Qg5 Qf7 33. g4 h6 34.
Rxh6 1-0

[Event "VIII Torneo Leonardo di Bona B"]
[Site "Cutro ITA"]
[Date "2002.04.24"]
[Round "1"]
[White "Frontera, Giuseppe"]
[Black "Grano, Giuseppe"]
[Result "1-0"]
[WhiteElo "1768"]
[BlackElo "1567"]
[PlyCount "87"]
[EventDate "2002.04.24"]

1. e4 c5 2. Nf3 d6 3. d4 cxd4 4. Nxd4 Nf6 5. Nc3 a6 6. f3 e5 7. Nb3 Be6 8. Be3
Nbd7 9. Qd2 Be7 10. O-O-O O-O 11. g4 Bxb3 12. cxb3 Rc8 13. Kb1 b5 14. g5 Nh5
15. Nd5 Rc6 16. Nb4 Rc8 17. Nxa6 Ra8 18. Bxb5 Nb8 19. Nxb8 Qxb8 20. Bc4 g6 21.
Bd5 Qb5 22. Bxa8 Rxa8 23. Qd5 Qa6 24. a3 Rb8 25. Qd3 Qa8 26. b4 Rd8 27. Qd5 Qa6
28. b5 Qa5 29. Qb7 Re8 30. Qa6 Qxa6 31. bxa6 Ng7 32. b4 Ra8 33. b5 Ne6 34. h4
Nc7 35. a4 Nxa6 36. bxa6 Rxa6 37. Rd3 Rxa4 38. Rh2 Ra6 39. Rb2 Ra8 40. Rb7 Bf8
41. Rdb3 Ra4 42. Rb8 Rc4 43. Rd8 Kg7 44. Rbb8 1-0

[Event "VIII Torneo Leonardo di Bona B"]
[Site "Cutro ITA"]
[Date "2002.04.24"]
[Round "1"]
[White "Levato, Biagio"]
[Black "Leto, Marco"]
[Result "0-1"]
[WhiteElo "1413"]
[BlackElo "1639"]
[PlyCount "82"]
[EventDate "2002.04.24"]

1. d4 d5 2. c4 e6 3. Nc3 Nf6 4. Bg5 Nbd7 5. cxd5 exd5 6. e3 Be7 7. Bd3 O-O 8.
Nf3 c6 9. O-O h6 10. Bh4 Nh7 11. Bxe7 Qxe7 12. Re1 f5 13. Qc2 Ng5 14. Nh4 Nh3+
15. gxh3 Qxh4 16. Ne2 Qxh3 17. Ng3 Nf6 18. f3 Nh7 19. Kh1 Ng5 20. Bf1 Qh4 21.
Bg2 f4 22. exf4 Qxf4 23. Re7 Qf6 24. Re5 Bh3 25. Rf1 Bxg2+ 26. Kxg2 Nxf3 27.
Rf5 Nh4+ 28. Kh1 Nxf5 29. Nxf5 Qe6 30. Qd3 Qe4+ 31. Qxe4 dxe4 32. Kg1 Kh7 33.
Ne3 Rxf1+ 34. Kxf1 Rd8 35. Nc2 Kg6 36. Ke2 Kf5 37. Ke3 g5 38. Ne1 h5 39. Ng2
Rc8 40. h4 gxh4 41. Nxh4+ Kg4 0-1